| 000 | 00721nam a22002537a 4500 | ||
|---|---|---|---|
| 005 | 20230512222502.0 | ||
| 008 | 181029t xxu||||| |||| 00| 0 eng d | ||
| 020 | _a528832921 | ||
| 040 | _cCSPC | ||
| 082 | 0 |
_a912 _bM459i |
|
| 100 |
_aMcNally, Rand _eauthor. |
||
| 245 | 0 | 0 |
_aIllustrated atlas of the world _cRand McNally |
| 260 |
_aChicago: _bRand McNally & Company, _c1989. |
||
| 300 |
_aviii, various pages: _bmap; _c38 cm. |
||
| 336 |
_2rdacontent _atext |
||
| 337 |
_2rdamedia _aunmediated |
||
| 338 |
_2rdacarrier _avolume |
||
| 500 | _aIncludes Index. | ||
| 650 | 1 | 0 | _aAtlases. |
| 940 | _aLenie | ||
| 942 |
_cBOOK _jGR 912 M459i 1989 |
||
| 999 |
_c6506 _d6506 |
||